| 000 | 00000nam##2200000za#4500 |
| 001 | 9.625530 |
| 003 | CaOODSP |
| 005 | 20210507160755 |
| 007 | ta |
| 008 | 150406|2002||||xxc||||| f|0| 0 fre|d |
| 020 | |a0-662-85409-8 |
| 040 | |aCaOODSP|bfre |
| 043 | |an-cn--- |
| 086 | 1 |aCW69-11/22-2002F |
| 110 | 2 |aService canadien de la faune. |
| 245 | 10|aPlan national de rétablissement du Pluvier siffleur (Charadrius melodus) |
| 260 | |aOttawa - Ontario : |bEnvironnement Canada. |c2002. |
| 300 | |a54p. : |bcarte, références, tableaux ; |c28 cm. |
| 490 | 1 |aPlan national de rétablissement |vN° 22 |
| 500 | |aDonnées de catalogage avant publication (Canada) imprimées dans cette publication. |
| 563 | |aCouverture souple |
| 590 | |a02-23|b2002-06-07 |
| 691 | 07|aEspèce menacée|2gcpds |
| 691 | 07|aOiseau|2gcpds |
| 691 | 07|aStratégie|2gcpds |
| 775 | 08|tNational recovery plan for the Piping Plover (Charadrius melodus) |w(CaOODSP)9.615450 |
| 776 | 0#|tPlan national de rétablissement du Pluvier siffleur (Charadrius melodus) / |w(CaOODSP)9.602028 |
| 830 | #0|aPlan national de rétablissement ;|vN° 22|w(CaOODSP)9.512898 |